00642 2200253 4500001002100000005001700021008004100038020001800079035002400097041000800121043001200129082001000141090002000151100002100171245005400192250001000246260003400256300002500290504001900315650000900334700001100343850001200354999002200366YOGYA-0511000000115020110520092648.0 ind  a979-26-1827-9 0010-051100000001149 aInd aYOPDYOG a306.7 aDEP 306.7 Kom S aKOMANDOKO, qamal aThe sex filescQamal Kamandoko;penyunting Aditya. acet 1 aYogyakartabCitra Mediac2010 a179 hlmbilusc24 cm ahlm. 181 - 183 aSeks aAditya aYOPDYOG aCB-D.11 2010-1426